The spiritually beneficial tales of Paul of Monembasia and of other authors / (Record no. 125145)
[ view plain ]
| 000 -LEADER | |
|---|---|
| fixed length control field | 01254mam a2200361 a 4500 |
| 001 - CONTROL NUMBER | |
| control field | 1764663 |
| 003 - CONTROL NUMBER IDENTIFIER | |
| control field | ARRUPE |
| 005 - DATE AND TIME OF LATEST TRANSACTION | |
| control field | 20160825160512.0 |
| 008 - FIXED-LENGTH DATA ELEMENTS--GENERAL INFORMATION | |
| fixed length control field | 960328s1996 miua b 000 0 eng |
| 010 ## - LIBRARY OF CONGRESS CONTROL NUMBER | |
| LC control number | 96007857 |
| 020 ## - INTERNATIONAL STANDARD BOOK NUMBER | |
| International Standard Book Number | 0879075597 (alk. paper) |
| 020 ## - INTERNATIONAL STANDARD BOOK NUMBER | |
| International Standard Book Number | 0879076593 (alk. paper) |
| 035 ## - SYSTEM CONTROL NUMBER | |
| System control number | (OCoLC)ocm34546985 |
| 035 ## - SYSTEM CONTROL NUMBER | |
| System control number | (NNC)1764663 |
| 040 ## - CATALOGING SOURCE | |
| Original cataloging agency | DLC |
| Transcribing agency | DLC |
| Modifying agency | NNC |
| 041 1# - LANGUAGE CODE | |
| Language code of text/sound track or separate title | eng |
| Language code of original and/or intermediate translations of text | grc |
| 050 00 - LIBRARY OF CONGRESS CALL NUMBER | |
| Classification number | BX382 |
| Item number | .S68 1996 |
| 082 00 - DEWEY DECIMAL CLASSIFICATION NUMBER | |
| Classification number | 248.4/819 |
| Edition number | 20 |
| 300 ## - PHYSICAL DESCRIPTION | |
| Other physical details | ill. ; |
| Dimensions | 22 cm. |
| 100 ## - MAIN ENTRY--PERSONAL NAME | |
| Personal name | John Wortley. |
| 9 (RLIN) | 25512 |
| 245 04 - TITLE STATEMENT | |
| Title | The spiritually beneficial tales of Paul of Monembasia and of other authors / |
| Statement of responsibility, etc | introduction, translation, and commentary by John Wortley. |
| 260 ## - PUBLICATION, DISTRIBUTION, ETC. (IMPRINT) | |
| Place of publication, distribution, etc | Kalamazoo, MI : |
| Name of publisher, distributor, etc | Cistercian Publications, |
| Date of publication, distribution, etc | 1996. |
| 263 ## - PROJECTED PUBLICATION DATE | |
| Projected publication date | 9605 |
| 300 ## - PHYSICAL DESCRIPTION | |
| Extent | 225 p. : |
| 490 1# - SERIES STATEMENT | |
| Series statement | Cistercian studies series ; |
| Volume number/sequential designation | no. 159 |
| 504 ## - BIBLIOGRAPHY, ETC. NOTE | |
| Bibliography, etc | Includes bibliographical references (p. 219-225). |
| 610 20 - SUBJECT ADDED ENTRY--CORPORATE NAME | |
| Corporate name or jurisdiction name as entry element | Orthodox Eastern Church |
| General subdivision | Doctrines. |
| 9 (RLIN) | 16511 |
| 650 #0 - SUBJECT ADDED ENTRY--TOPICAL TERM | |
| Topical term or geographic name as entry element | Spiritual life |
| General subdivision | Orthodox Eastern Church. |
| 9 (RLIN) | 14448 |
| 700 0# - ADDED ENTRY--PERSONAL NAME | |
| Personal name | Paul, |
| Titles and other words associated with a name | Bishop of Monemvasia, |
| Dates associated with a name | active 10th century. |
| 9 (RLIN) | 25513 |
| 700 1# - ADDED ENTRY--PERSONAL NAME | |
| Personal name | Wortley, John. |
| 9 (RLIN) | 25514 |
| 830 #0 - SERIES ADDED ENTRY--UNIFORM TITLE | |
| Uniform title | Cistercian studies series ; |
| Volume number/sequential designation | no. 159. |
| 9 (RLIN) | 25515 |
| 942 ## - ADDED ENTRY ELEMENTS (KOHA) | |
| Source of classification or shelving scheme | Library of Congress Classification |
| Koha item type | Monograph ( Printed materials) |
| Withdrawn status | Lost status | Source of classification or shelving scheme | Damaged status | Not for loan | Collection code | Home library | Current library | Shelving location | Date acquired | Total Checkouts | Full call number | Barcode | Date last seen | Price effective from | Koha item type |
|---|---|---|---|---|---|---|---|---|---|---|---|---|---|---|---|
| Library of Congress Classification | Main Collection | ARRUPE LIBRARY | ARRUPE LIBRARY | Main Collection | 25/08/2016 | BX382 .S68 1996 | 46500009593 | 22/11/2017 | 25/08/2016 | Monograph ( Printed materials) |